000 004370000a22001810004500
003 MACL
005 20150731154739.0
008 150731b xxu||||| |||| 00| 0 eng d
040 _aMACL
_cMACL
041 _aEnglish
082 _a338/PAL
100 _aPal, Rajender
_93814
245 _aRole of Icts In Rourism
260 _bMohit Publications
_c2007
_aNew Delhi
350 _a750
650 _aProduction
_93099
942 _cBK
_k338
_2ddc
999 _c8716
_d8716